|
|
|
|
| LEADER |
00000nta a2200000 i 4500 |
| 001 |
dolg1690 |
| 005 |
20221011095549.0 |
| 008 |
150225suuuu hu om 000 hun d |
| 040 |
|
|
|a BGE Dolgozattár Repozitórium
|b hun
|
| 041 |
|
|
|a hu
|
| 100 |
1 |
|
|a Lassányi Zsoltné Hőnyi Emese
|
| 245 |
1 |
2 |
|a A Lean, mint a hatékonyság javításának eszköze a termelési és szolgáltatási láncban
|c Lassányi Zsoltné Hőnyi Emese
|h [elektronikus dokumentum]
|
| 246 |
1 |
1 |
|a A LEAN, MINT A HATÉKONYSÁG JAVÍTÁSÁNAK ESZKÖZE A TERMELÉSI ÉS SZOLGÁLTATÁSI LÁNCBAN
|
| 695 |
|
|
|a LEAN
|
| 695 |
|
|
|a Hatékonyság
|
| 700 |
1 |
|
|a Kopcsay dr. László
|e ths
|
| 856 |
4 |
0 |
|u http://dolgozattar.uni-bge.hu/1690/1/Szakdolgozat_Lass%C3%A1nyin%C3%A9_H%C5%91nyi_Emese_B34RYR.pdf
|z Dokumentum-elérés
|
| 856 |
4 |
0 |
|u http://dolgozattar.uni-bge.hu/1690/3/HivatalosBejegyzes.pdf
|z Dokumentum-elérés
|